Sanat - "Rikollinen" - Vilma Alina - Statistics

Yleistilastot
  • Tätä visaa on pelattu 50 kertaa
    33 viimeisimmän päivityksen jälkeen
  • Keskiarvotulos 111 / 177
Vastaustilastot
Vastaus % Oikein
aina
95%
palaa
95%
rikollinen
95%
Rikollinen
95%
rikospaikalle
95%
ei
86%
86%
86%
mun
86%
mun
86%
ja
82%
ku
82%
on
82%
et
77%
Et
77%
kun
77%
Mut
77%
mut
77%
saa
73%
saan
73%
Se
73%
se
73%
viel
73%
kaulalle
68%
sut
68%
vannon
68%
vielä
68%
hautaan
64%
lakanat
64%
marraskuu
64%
mukanani
64%
niin
64%
Niin
64%
suudelmii
64%
vaihda
64%
vien
64%
anna
59%
harmaa
59%
huulipunan
59%
kasvoja
59%
kätken
59%
mulle
59%
mustelmat
59%
noita
59%
ovella
59%
Peitä
59%
rauhaa
59%
syntisii
59%
tän
59%
tunneta
59%
ulkopuolella
59%
varmaa
59%
viima
59%
yhtä
59%
alibin
55%
En
55%
en
55%
jäljet
55%
jos
55%
Kadulla
55%
kämpän
55%
kauan
55%
keksi
55%
mietin
55%
nopeesti
55%
piiskaa
55%
rintaa
55%
sade
55%
sana
55%
sanani
55%
Suudellaan
55%
Sydän
55%
tarkkaan
55%
käy
50%
kolmesti
50%
koputan
50%
syyllinen
50%
hiuksista
45%
kaunis
45%
lopulta
45%
maksetaan
45%
murtumaan
45%
pesee
45%
riuhtoo
45%
tahdon
45%
tästä
45%
tuoksun
45%
yksikin
45%
16
41%
Asunto
41%
filminauhoja
41%
kaiken
41%
Kalliisti
41%
katkonaisii
41%
kerrasta
41%
korjaan
41%
meidän
41%
Poistan
41%
savun
41%
tunnustaa
41%
viestit
41%
viime
41%
katson
36%
kuvii
36%
Päässä
36%
Pelkään
36%
pyörii
36%
silmiin
36%
voi
36%
suudelmia
27%
hukuttaa
23%
katumusta
23%
nukahtaa
23%
pulloon
23%
syödä
23%
Ehtoja vastaavia visoja ei löytynyt
Tulosjakauma
Jokaisen tuloksen saaneiden osuus
Persentiili vastausten määrän mukaan
Tuloshistoriasi
Et ole pelannut tätä visaa sen viimeisimmän päivityksen jälkeen